[Event "Minatitlan Dominguez Memorial"]
[Site "Minatitlan"]
[Date "2022.06.04"]
[Round "2"]
[White "Tobias Jose, Asad Karim"]
[Black "Lemarroy Cristobal, Carlos Gabriel"]
[Result "1-0"]
[WhiteElo "1460"]
[BlackElo "1000"]
[PlyCount "105"]
[EventDate "2022.05.28"]
[EventType "swiss"]
[EventRounds "7"]
[EventCountry "MEX"]
[SourceTitle "EXT 2023"]
[Source "ChessBase"]
[SourceDate "2022.10.05"]
[SourceVersion "1"]
[SourceVersionDate "2022.10.05"]
[SourceQuality "1"]

1. e4 e5 2. Bc4 d6 3. Nc3 Nc6 4. Nf3 Nf6 5. d3 Bd7 6. 0-0 Nd4 7. Be3 Nxf3+ 8. Qxf3 Be7 9. Nd5 0-0 10. Nxe7+ Qxe7 11. Bg5 Rae8 12. Qg3 Be6 13. Bb3 c6 14. f4 a6 15. f5 Bxb3 16. axb3 d5 17. Bxf6 Qxf6 18. Ra5 dxe4 19. dxe4 Kh8 20. Raa1 Rg8 21. Rad1 g6 22. Rd7 gxf5 23. Rxf5 Rxg3 24. Rxf6 Rg6 25. Rfxf7 Kg8 26. Rxh7 b5 27. Kf1 Kf8 28. Rh8+ Rg8 29. Rxg8+ Kxg8 30. Rd6 Rf8+ 31. Ke2 Rf4 32. Rxc6 Rxe4+ 33. Kd3 Rd4+ 34. Ke3 Rh4 35. Rxa6 Rxh2 36. c4 bxc4 37. bxc4 Rxg2 38. b4 Rg5 39. c5 Rg7 40. b5 Re7 41. b6 e4 42. Ra8+ Kf7 43. Ra7 Ke6 44. Rxe7+ Kxe7 45. b7 Ke8 46. b8Q+ Kd7 47. Qb6 Ke7 48. Qd6+ Kf7 49. Qd7+ Kg8 50. Kxe4 Kf8 51. Kf5 Kg8 52. Kg6 Kf8 53. Qf7# 1-0